000 00592nam a22001817a 4500
003 UA-OsUOA
001 10249
007 ta
008 20041229b un ||||| |||| 00| 0 ukr d
100 _aФріс П.
942 _cSA
040 _aUA-OsUOA
_cUA-OsUOA
_dUA-OsUOA
245 _aПитання кримінально-правової політики у сфері боротьби з організованою злочинністю
300 _aС.101-105
955 _a0
773 0 _w0
_tПраво України
_dКиїв
_d2004
_gN12
650 7 _aКримінальне право
_2UDC
999 _c296410
_d296410